000
00387nam a22001697a 4500
003
MPLRDC
005
20220104125405.0
008
210129b ||||| |||| 00| 0 eng d
082
_a
857.9 CLK-5
100
_a
沧浪客
245
_a
魔铃剑雨
_c
250
_a
初版
260
_a
_b
武林出版社
_c
1981
300
_b
平
650
_a
武侠小说
942
_c
BK
_o
857.9 CLK-5
999
_c
26971
_d
26961